000 00545nam a22002057a 4500
999 _c2597
_d2597
003 OSt
005 20210715062419.0
008 210715b ||||| |||| 00| 0 eng d
020 _a 0781721474
020 _a 9780781721479
040 _cALUPE UNIVERSITY
050 _aRS57
_b.P42 2001
100 _aLeon Shargel
245 _aComprehensive pharmacy review
250 _a4th ed
260 _aBaltimore ; London :
_bWilliams & Wilkins,
_c©2001.
300 _a1171p
650 _2Pharmacy -- Outlines, syllabi, etc.
942 _2lcc
_cBK
_nDO